00000000nam##2200000za#4500
0019.640258
003CaOODSP
00520210624222601
007cr |||||||||||
008150407|2007||||xxc|||||o    f|0| 0 fre|d
040 |aCaOODSP|bfre
043 |an-cn---
0861 |aFA3-45/2007F-PDF
1101 |aCanada. |bBureau du vérificateur général.
24510|aExamen des dépenses publiques : études du Budget des dépenses : |h[ressource électronique]|bguide à l'intention des parlementaires
260 |aOttawa - Ontario : |bBureau du vérificateur général du Canada |cc2007.
300 |a59p.|bglossaire, tableaux
500 |aLe n° de catalogue (FA3-45/2007F) et l'ISBN (978-0-662-73814-5) de l'édition imprimée ont été incorrectement copiés dans la version PDF.
590 |a12-20-Supp|b2012-05-09
69107|aDépenses publiques|2gcpds
77508|tExamining public spending - estimates review : |w(CaOODSP)9.696139
85640|ahttp://publications.gc.ca|qPDF|s688 Ko|uhttps://publications.gc.ca/collections/collection_2012/bvg-oag/FA3-45-2007-fra.pdf